000 00485pab a2200181 454500
008 180718b2006 xxu||||| |||| 00| 0 eng d
100 _aSen, Suchartia
245 _aGlobalisation and expanding markets for cut-flowers: who benefits?
260 _c2006
300 _ap.2725-731.
362 _a30 Jun
650 _aAgricultural products
650 _aGlobalization
650 _aFlowers
700 _aRaju, Saraswati
773 _aEconomic and Political Weekly
909 _a70201
999 _c70201
_d70201